000 00717nam a22001937a 4500
008 130821s1948 xxu gr eng
040 _aCo-BoUCM
_bspa
041 0 0 _aeng
100 1 _aPerkins, Dexter
_d1889-
245 1 4 _aThe evolution of American foreign policy
_cDexter Perkins.
260 _aNueva York (Estados Unidos)
_bOxford Univ. Press
_c1948
300 _a187 páginas
490 4 _aThe Home University Library of Modern Knowledge
_v208
651 7 _aEstados Unidos
_bRelaciones internacionales
_97595
651 7 _aEstados Unidos
_xPolítica exterior
_97595
651 7 _aEstados Unidos
_xPolítica y gobierno
_97595
942 _cLIBRO
_a8
_e1
_mP274
_2DEWEY
_h327.73
999 _c93007
_d93007